[Event "Titled Tuesday intern op 13th Sep Early"]
[Site "Chess.com INT"]
[Date "2022.09.13"]
[Round "4"]
[White "Acor, Corey B"]
[Black "Le, Tuan Minh"]
[Result "0-1"]
[WhiteElo "2240"]
[BlackElo "2542"]
[PlyCount "68"]
[EventDate "2022.09.13"]
[EventType "swiss (blitz)"]
[EventRounds "11"]
[EventCountry "USA"]
[SourceTitle "EXT 2023"]
[Source "ChessBase"]
[SourceDate "2022.10.05"]
[SourceVersion "1"]
[SourceVersionDate "2022.10.05"]
[SourceQuality "1"]

1. e4 c5 2. Nc3 Nc6 3. g3 g6 4. Bg2 Bg7 5. d3 d6 6. Be3 Rb8 7. Nge2 Nf6 8. h3 0-0 9. f4 Nd7 10. d4 cxd4 11. Nxd4 Nb6 12. b3 e5 13. Nxc6 bxc6 14. Qd2 d5 15. exd5 cxd5 16. Nxd5 exf4 17. Bxf4 Nxd5 18. Qxd5 Bc3+ 19. Kf2 Qb6+ 20. Be3 Qf6+ 21. Bf3 Bxa1 22. Rxa1 Qxa1 23. Bd4 Qc1 24. Qe5 Qxc2+ 25. Kg1 Qc1+ 26. Kh2 Qd2+ 27. Bg2 f6 28. Qd5+ Be6 29. Qxe6+ Rf7 30. Bxf6 Qd7 31. Qe5 Re8 32. Qc3 Re2 33. Bd4 Qd5 34. Qc8+ Rf8 0-1